00472nam a22001337a 4500003000500000038001800005082000800023100002000031245012800051264003200179650002200211700004800233856005700281NUST aNusrat Nadeem a200 aHaleema Sadia,  aNumerical and Series Solutions for Rotating Disk-Induced Flows Using Viscoeplastic and Viscoplastic Fluids/cSadia, Haleema aIslamabad:bSNS NUSTc2025. aPhD-Mathematics  aSupervisor: Professor Meraj Mustafa Hashmi uhttp://10.250.8.41:8080/xmlui/handle/123456789/57384